Urban air quality management strategy in Asia. (Record no. 542855)

000 -LEADER
fixed length control field 00661cam a2200181 a 4500
020 ## - INTERNATIONAL STANDARD BOOK NUMBER
International Standard Book Number 0821340379
082 00 - DEWEY DECIMAL CLASSIFICATION NUMBER
Classification number 363.73925
Author Mark URB
-- D
245 00 - TITLE STATEMENT
Title Urban air quality management strategy in Asia.
Statement of responsibility, etc. edited by Jitendra J. Shah, Tanvi Nagpal.
260 ## - PUBLICATION, DISTRIBUTION, ETC.
Place of publication, distribution, etc. Washington, D.C. :
Name of publisher, distributor, etc. World Bank,
Date of publication, distribution, etc. c1997.
300 ## - PHYSICAL DESCRIPTION
Extent xiv, 227 p. :
Other physical details ill., maps ;
Dimensions 28 cm.
526 ## - STUDY PROGRAM INFORMATION NOTE
Program name 0
Interest level 0
Reading level 0
Title point value 363_739250000000000_URB
650 #0 - SUBJECT ADDED ENTRY--TOPICAL TERM
Topical term or geographic name entry element Air quality management
Geographic subdivision India
-- Mumbai Metropolitan Area.
9 (RLIN) 38202
650 #0 - SUBJECT ADDED ENTRY--TOPICAL TERM
Topical term or geographic name entry element Air
General subdivision Pollution
Geographic subdivision India
-- Mumbai Metropolitan Area.
9 (RLIN) 38203
650 #0 - SUBJECT ADDED ENTRY--TOPICAL TERM
Topical term or geographic name entry element MCE (D)
700 1# - ADDED ENTRY--PERSONAL NAME
Personal name Nagpal, Tanvi,
9 (RLIN) 38204
700 1# - ADDED ENTRY--PERSONAL NAME
Personal name Shah, Jitendra J.,
9 (RLIN) 38146
942 ## - ADDED ENTRY ELEMENTS (KOHA)
Source of classification or shelving scheme
Koha item type Book
Holdings
Withdrawn status Lost status Source of classification or shelving scheme Damaged status Not for loan Permanent Location Current Location Date acquired Total Checkouts Full call number Barcode Date last seen Price effective from Koha item type
          Military College of Engineering (MCE) Military College of Engineering (MCE) 02/20/2014   363.73925 URB MCE-42697 02/20/2014 02/20/2014 Book
© 2023 Central Library, National University of Sciences and Technology. All Rights Reserved.